Technological innovation : Government, industry, cooperation

में बचाया:
ग्रंथसूची विवरण
मुख्य लेखक: Gerstenfeld, Arthur
स्वरूप: पुस्तक
भाषा:Undetermined
प्रकाशित: New York John Wiley & Sons 1979
विषय:
टैग : टैग जोड़ें
कोई टैग नहीं, इस रिकॉर्ड को टैग करने वाले पहले व्यक्ति बनें!
Thư viện lưu trữ: Trung tâm Học liệu Trường Đại học Cần Thơ
LEADER 00571nam a2200205Ia 4500
001 CTU_84422
008 210402s9999 xx 000 0 und d
082 |a 338.4 
082 |b G383 
100 |a Gerstenfeld, Arthur 
245 0 |a Technological innovation : 
245 0 |b Government, industry, cooperation 
245 0 |c Arthur Gerstenfeld 
260 |a New York 
260 |b John Wiley & Sons 
260 |c 1979 
650 |a Technological innovations 
650 |x Congresses 
904 |i QHieu(sửa) 
980 |a Trung tâm Học liệu Trường Đại học Cần Thơ